Vrbové

Bibliographic Details
Main Author: Kartous, Peter, 1943- (Author)
Format: Article
Language:Slovak
PhysicalDescription:Obr.
ISSN:1335-7883
Subjects:

MARC

LEADER 00000nab a2200000 ar4500
001 vtls008873509
003 SK-MaSNL
005 20260303171136.0
008 061107c2006 xo sr|p|||||||000 b|slo
015 |a SNBRB2006/11  |2 snkbucl 
038 |a SNKBUCL 
040 |a SNKBUCL  |b slo  |c SNKBUCL  |e AACR2 
041 0 |a slo 
044 |a xo  |c SK 
080 |a 929.6  |x (437.6)  |2 UDC-MRF-SK2 
080 |a 7.045  |x (437.6)  |2 UDC-MRF-SK2 
080 |a 003.62  |2 UDC-MRF-SK2 
100 1 |a Kartous, Peter,  |d 1943-  |4 aut  |9 100853 
245 1 0 |a Vrbové  |c Peter Kartous 
300 |b Obr. 
650 0 7 |a obecné symboly  |2 snkbucl  |9 29155 
651 7 |a Vrbové (Slovensko)  |2 snkbucl  |9 15406 
773 0 |t Verejná správa  |g Roč. 61, č. 21 (2006), s. 3 obál.  |x 1335-7883 
852 |a SNK  |b KIS3GCP 
958 |a SK 
999 |c 2080098  |d 2082028